000 00683nam a2200205 a 4500
001 4128
005 20140414131936.0
008 090209s19uu xx 00 eng d
020 _a0-7565-0125-3
050 _aREF 910.92
_bB91 2001
100 _aBurgan, Michael
245 _aFerdinad Magellan and the first trip around the world /
_cby Michael Burgan.
260 _aMinneapolis :
_bCompass Point Books,
_cc2001.
300 _a48 p. : col., ill. cm.
440 _aExploring the world
500 _aIncludes index.
650 _aMagalhaes, Fernao de, d. 1521
_xJourneys
_xJuvenile literature.
650 _aExplorers
_xPortugal
_xBiography
_xJuvenile literature.
999 _c112462
_d112462